Sri caitanya caritamrita : (Record no. 6609)

MARC details
000 -LEADER
fixed length control field 00499cam a2200193ua 4500
008 - FIXED-LENGTH DATA ELEMENTS--GENERAL INFORMATION
fixed length control field 141211n ii |||gr||||Z||||||ben
040 ## - CATALOGING SOURCE
Transcribing agency MAIN
041 ## - LANGUAGE CODE
-- ben
082 ## - DEWEY DECIMAL CLASSIFICATION NUMBER
Classification number 294.5
100 ## - MAIN ENTRY--PERSONAL NAME
Personal name Swami, B.,
Relator term
245 ## - TITLE STATEMENT
Title Sri caitanya caritamrita :
Remainder of title Aadileela /
Statement of responsibility, etc. Translated by Bhakticharu Swami .
250 ## - EDITION STATEMENT
Edition statement 4th rev.
260 ## - PUBLICATION, DISTRIBUTION, ETC.
Place of publication, distribution, etc. Calcutta:
Name of publisher, distributor, etc. Bhaktibedanta,
Date of publication, distribution, etc. 1993.
300 ## - PHYSICAL DESCRIPTION
Extent 607p.
942 ## - ADDED ENTRY ELEMENTS (KOHA)
Koha item type Books
653 ## - INDEX TERM--UNCONTROLLED
Uncontrolled term Religions ofIndic origin
653 ## - INDEX TERM--UNCONTROLLED
Uncontrolled term Hinduism
Holdings
Withdrawn status Lost status Damaged status Not for loan Home library Current library Shelving location Date acquired Total Checkouts Full call number Barcode Date last seen Date last checked out Copy number Price effective from Koha item type
        Naharkatiya College Central Library Naharkatiya College Central Library General Stacks 19/09/2020 1 294.5 | SRI 12752 06/11/2021 19/01/2021 2 19/09/2020 Books
        Naharkatiya College Central Library Naharkatiya College Central Library General Stacks 19/09/2020 1 294.5 | SRI 12753 22/03/2021 05/03/2021 1 19/09/2020 Books

Naharkatiya College © 2020. All rights reserved.

Powered By